Математика и культура: учебное пособие для вузов по специальности<Прикладная математика и информатика>

Библиографические подробности
Главный автор: Казарян В. П. Валентина Павловна
Другие авторы: Лолаев Т. П. Тотраз Петрович
Примечания:Учебное пособие включает в себя систематическое изложение проблемы образа математики за ее пределами, в других областях культуры, в том числе и в научных дисциплинах. В издании проанализирована связь математики и конструктивной творческой деятельности человека в современном мире, а также возникающие при этом этические и социальные проблемы, дан философский анализ процесса математизации научного знания. Учебное пособие предназначено для преподавателей, аспирантов, магистрантов, студентов - всех тех, кто интересуется философскими вопросами современности, философией науки, историей культуры и философии.
Язык:русский
Опубликовано: Москва, Научный мир, 2004
Издание:2-е изд., испр. и доп.
Предметы:
Формат: Книга
Запись в KOHA:https://koha.lib.tpu.ru/cgi-bin/koha/opac-detail.pl?biblionumber=81258

MARC

LEADER 00000nam0a2200000 4500
001 81258
005 20231101213147.0
010 |a 5891762544  |b (в пер.)  |b 500 экз. 
021 |a RU  |b 04-41721  |9 04-2071 
035 |a (RuTPU)RU\TPU\book\87358 
090 |a 81258 
100 |a 20050919d2004 m y0rusy5002 ca 
101 0 |a rus 
102 |a RU 
105 |a y j 001zy 
200 1 |a Математика и культура  |e учебное пособие для вузов по специальности<Прикладная математика и информатика>  |f В. П. Казарян, Т. П. Лолаев 
205 |a 2-е изд., испр. и доп. 
210 |a Москва  |c Научный мир  |d 2004 
215 |a 287 с.  |d 22 см. 
320 |a Имен. указ.: с. 283-285 
320 |a Библиогр.: с. 275-282 
330 |a Учебное пособие включает в себя систематическое изложение проблемы образа математики за ее пределами, в других областях культуры, в том числе и в научных дисциплинах. В издании проанализирована связь математики и конструктивной творческой деятельности человека в современном мире, а также возникающие при этом этические и социальные проблемы, дан философский анализ процесса математизации научного знания. Учебное пособие предназначено для преподавателей, аспирантов, магистрантов, студентов - всех тех, кто интересуется философскими вопросами современности, философией науки, историей культуры и философии. 
606 |a Математика  |2 stltpush  |3 (RuTPU)RU\TPU\subj\67327  |9 83171 
610 1 |a философские проблемы 
610 1 |a математизация наук 
610 1 |a культура 
610 1 |a строгое мышление 
610 1 |a разумность 
610 1 |a точные науки 
610 1 |a физика 
610 1 |a математический реализм 
610 1 |a эксперименты 
610 1 |a геометрия 
610 1 |a количественные методы 
610 1 |a научные теории 
610 1 |a учебные пособия 
675 |a 51:1(075.8)  |v 3  |z rus 
700 1 |a Казарян  |b В. П.  |g Валентина Павловна  |4 070 
701 1 |a Лолаев  |b Т. П.  |g Тотраз Петрович  |4 070 
801 0 |a RU  |b RKP  |c 20040906  |g PSBO 
801 1 |a RU  |b 63413507  |c 20050919  |g PSBO 
801 2 |a RU  |b 63413507  |c 20180517  |g PSBO 
942 |c BK